[Event "Wohlen op 1st"]
[Site "Wohlen"]
[Date "2020.08.22"]
[Round "2"]
[White "Cakic, Igor"]
[Black "Schmitz, Andreas Arnold"]
[Result "0-1"]
[WhiteElo "1702"]
[BlackElo "2019"]
[PlyCount "88"]
[EventDate "2020.08.21"]
[EventType "swiss"]
[EventRounds "5"]
[EventCountry "SUI"]
[SourceTitle "CBM 198 Extra"]
[Source "ChessBase"]
[SourceDate "2020.11.30"]
[SourceVersion "1"]
[SourceVersionDate "2020.11.30"]
[SourceQuality "1"]

1. e4 e6 2. d4 d5 3. e5 c5 4. c3 Nc6 5. Nf3 f6 6. Be2 fxe5 7. dxe5 g6 8. 0-0 Qc7 9. Re1 Bd7 10. Bd3 0-0-0 11. c4 d4 12. Bg5 Be7 13. Bxe7 Ngxe7 14. Nbd2 Rdf8 15. a3 a6 16. Rb1 a5 17. Nb3 b6 18. Qe2 h6 19. Nc1 g5 20. Na2 Be8 21. b4 Bh5 22. bxc5 bxc5 23. Rb5 Na7 24. Rb2 Kd7 25. Reb1 Bxf3 26. gxf3 Rb8 27. Nc1 Rxb2 28. Rxb2 Nec6 29. Nb3 Qxe5 30. Qxe5 Nxe5 31. Be4 Nxc4 32. Nxc5+ Kd6 33. Nb7+ Ke5 34. Re2 Kf6 35. a4 Nc8 36. Bd3 N8d6 37. Bxc4 Nxc4 38. Rc2 Rc8 39. Kf1 Ne3+ 40. fxe3 Rxc2 41. exd4 Rxh2 42. Nxa5 Ra2 43. Nc6 Rxa4 44. Kf2 Rc4 0-1

[Event "Wil Acrevis op 1st"]
[Site "Wil"]
[Date "2020.06.21"]
[Round "5"]
[White "Cakic, Igor"]
[Black "Jaggy, Matteo"]
[Result "0-1"]
[WhiteElo "1695"]
[BlackElo "1896"]
[PlyCount "68"]
[EventDate "2020.06.19"]
[EventType "swiss"]
[EventRounds "5"]
[EventCountry "SUI"]
[SourceTitle "CBM 197 Extra"]
[Source "ChessBase"]
[SourceDate "2020.09.30"]
[SourceVersion "1"]
[SourceVersionDate "2020.09.30"]
[SourceQuality "1"]

1. e4 c5 2. Nf3 e6 3. d4 cxd4 4. Nxd4 a6 5. Bd3 Nf6 6. c4 d6 7. Nc3 Qc7 8. 0-0 Be7 9. Qe2 0-0 10. Nb3 b6 11. f4 Nc6 12. a3 Bd7 13. Bd2 Rfd8 14. g4 Be8 15. Rac1 Nd7 16. Nd5 exd5 17. cxd5 Nc5 18. Rxc5 dxc5 19. dxc6 Bxc6 20. Bxa6 Rab8 21. Bc4 Qd7 22. e5 Bd5 23. Bb5 Qc7 24. Nc1 c4 25. Be3 Bc5 26. Bf2 Bxf2+ 27. Rxf2 Qc5 28. Ba4 b5 29. Bc2 Bc6 30. Kf1 Qd5 31. Ke1 b4 32. axb4 Ra8 33. Qe3 Ra1 34. Ke2 Bb5 0-1

[Event "Wil Acrevis op 1st"]
[Site "Wil"]
[Date "2020.06.20"]
[Round "3"]
[White "Karrer, Hans"]
[Black "Cakic, Igor"]
[Result "1-0"]
[WhiteElo "1959"]
[BlackElo "1695"]
[PlyCount "89"]
[EventDate "2020.06.19"]
[EventType "swiss"]
[EventRounds "5"]
[EventCountry "SUI"]
[SourceTitle "CBM 197 Extra"]
[Source "ChessBase"]
[SourceDate "2020.09.30"]
[SourceVersion "1"]
[SourceVersionDate "2020.09.30"]
[SourceQuality "1"]

1. e4 c5 2. Nf3 d6 3. d4 cxd4 4. Nxd4 Nf6 5. Nc3 a6 6. Qf3 Nbd7 7. Be3 Qc7 8. 0-0-0 b5 9. e5 Bb7 10. Qg3 Nxe5 11. Bd3 Nxd3+ 12. Rxd3 Rc8 13. a3 g6 14. Re1 Ne4 15. Qh4 Nxc3 16. Rxc3 Qd7 17. Rxc8+ Bxc8 18. Bg5 e5 19. Bf6 Be7 20. f4 Bxf6 21. Qxf6 0-0 22. fxe5 dxe5 23. Qxe5 Bb7 24. g3 Rd8 25. c3 Rc8 26. h4 h5 27. Qf6 Re8 28. Re5 Rxe5 29. Qxe5 Qd5 30. Qxd5 Bxd5 31. Kd2 Kg7 32. Ke3 Kf6 33. Kf4 Be6 34. Nc6 Bd5 35. Nb4 Bb7 36. Nd3 a5 37. Ke3 a4 38. Kd4 Bc6 39. Kc5 Be8 40. Kd6 Kf5 41. Ke7 Bc6 42. Kxf7 g5 43. hxg5 Kxg5 44. Ke6 Kg4 45. Ne5+ 1-0